KOHA-Header-6

Medical MicroBiology (Record no. 1219)

000 -LEADER
fixed length control field 00315nam a2200133Ia 4500
008 - FIXED-LENGTH DATA ELEMENTS--GENERAL INFORMATION
fixed length control field 190722s9999 xx 000 0 und d
020 ## - INTERNATIONAL STANDARD BOOK NUMBER
International Standard Book Number 978-1-25-925534-2
100 ## - MAIN ENTRY--PERSONAL NAME
Personal name Jawetz Melnick
245 #0 - TITLE STATEMENT
Title Medical MicroBiology
250 ## - EDITION STATEMENT
Edition statement 27th
260 ## - PUBLICATION, DISTRIBUTION, ETC. (IMPRINT)
Place of publication, distribution, etc London
Name of publisher, distributor, etc McGraw Hill
Date of publication, distribution, etc 2013
300 ## - PHYSICAL DESCRIPTION
Extent 851
942 ## - ADDED ENTRY ELEMENTS (KOHA)
Koha item type Books
Holdings
Withdrawn status Lost status Damaged status Not for loan Collection code Permanent Location Current Location Shelving location Date acquired Total Checkouts Total Renewals Full call number Barcode Date last seen Date checked out Price effective from Koha item type
        Bio Sciences MAJU MAJU Shelf No.A37 2019-07-22 9 3 616.9 7844 2024-11-28 2024-11-08 2019-07-22 Bio Science

Powered by Koha